000
00355nam a2200169Ia 4500
100
_a
Dr.Alan Loy McGinnis
650
_a
Philosophy
942
_c
BK
366
_f
25
654
_a
confidence
245
_a
Confidence
260
_b
Better Yourself Books
_a
Bandra
_c
2005
082
_a
170/ALA
_b
ALA
300
_a
254
546
_a
ENGLISH
999
_c
32216
_d
32216